Statistiken für TOP 10 Singles von Herbert Grönemeyer

Klicken Sie hier um das Quiz zu spielen!

Allgemein

  • Dieses Quiz wurde 95 mal gespielt
  • Das Durchschnittsergebnis liegt bei 3 aus 10

Antwortstatistiken

AlbumLied% Korrekt
MenschMensch
87%
4630 BochumMänner
84%
Voices from the Fifa World Cup (Sampler)Zeit, dass sich was dreht
44%
ÖWas soll das?
40%
SchiffsverkehrSchiffsverkehr
33%
12Lied 1 - Stück vom Himmel
21%
Was muss mussGlück
12%
Dauernd jetztMorgen
11%
LuxusDeine Liebe klebt
9%
Nur als Single erschienenKomm zur Ruhr
4%

Verteilung der Resultate

Perzentil nach korrekt beantworteten Fragen

Anzahl Personen mit jedem Resultat

Ihre Resultats-Entwicklung

Sie haben dieses Quiz noch nicht gespielt